Loading...
Fallen leaves: Last words on life, love, war and God
| Main Author: | |
|---|---|
| Format: | Printed Book |
| Published: |
New York
Simon and Schuster
2014
|
| LEADER | 00392nam a22001097a 4500 | ||
|---|---|---|---|
| 082 | |a 191 |b DUR.F | ||
| 100 | |a Durant Will | ||
| 245 | |a Fallen leaves: Last words on life, love, war and God | ||
| 260 | |a New York |b Simon and Schuster |c 2014 | ||
| 942 | |c BK | ||
| 999 | |c 8292 |d 8292 | ||
| 952 | |0 0 |1 0 |4 0 |6 191_000000000000000_DUR_F |7 0 |8 NFIC |9 10185 |a CAMPUS |b CAMPUS |d 2016-06-15 |l 0 |o 191 DUR.F |p 21384 |r 2016-06-15 |w 2016-06-15 |y BK | ||